Ještě jednou o syntetickém měření životní úrovně.

Zmysel syntetického merania životnej úrovne navrhnutého v VÚSEI v r. 1971 v ČSFR. Americké miery ekonomického blahobytu ukazovateľmi MEW (Measure of Economic Welfare) a NEW (Net Economic Welfare) od r. 1971. Zhodnotenie oboch prístupov.

Guardado en:
Detalles Bibliográficos
Autor principal: Friedlaender, J.
Formato: Capítulo de libro
Lenguaje:checo
Materias:
Etiquetas: Agregar Etiqueta
Sin Etiquetas, Sea el primero en etiquetar este registro!

MARC

LEADER 00000naa a2200000 4500
001 r005256
005 20221125081334.2
041 0 |a cze 
044 |a [CS] 
245 1 0 |a Ještě jednou o syntetickém měření životní úrovně.  |c J. Friedlaender 
520 |a Zmysel syntetického merania životnej úrovne navrhnutého v VÚSEI v r. 1971 v ČSFR. Americké miery ekonomického blahobytu ukazovateľmi MEW (Measure of Economic Welfare) a NEW (Net Economic Welfare) od r. 1971. Zhodnotenie oboch prístupov. 
610 2 0 |a úroveň životná 
610 2 0 |a blahobyt 
610 2 0 |a ČSFR 
610 2 0 |a 1971 
610 2 0 |a ukazovatele štatistické 
610 2 0 |a USA 
610 2 0 |a MEW 
610 2 0 |a NEW 
100 1 |a Friedlaender, J.